LDR 00830naa#a2200181#i#450# 001 EN\RIOR\bibl\124489 005 20260629103526.1 011 ## _a2409-6024 100 ## _a20260530b2026####ek#y0engy0150####ca 102 ## _aRU 200 1# _aANALYSIS OF THE DYNAMICS AND DEVELOPMENT DIRECTIONS OF IMMERSIVE TECHNOLOGIES _eJournal article 210 1# _aMoscow _cPublishing Center RIOR _d2026 215 ## _a13 с. 608 ## _aJournal article _2local 675 ## _aЭкономическое положение. Конъюнктура. Развитие хозяйственной структуры. Экономический рост. 338.1 _aПрикладные информационные (компьютерные) технологии. 004.9 _z 700 #1 _aBurmakin _gVladislav Mikhailovich 700 #1 _aShmatko _gAleksey Dmitrievich 856 4# _arusjm.ru _u